000 00398cam a22001575a 4500
001 J100845
008 000000s1923 xxk 000 0 eng u
035 _a(Sirsi) u100845
110 _aSurveyors' Institution
_93783
245 _aTown planning memorandum. June 1923.
260 _c1923
300 _a80p.
651 4 _aUnited Kingdom
_y
690 _aPlanning and development
_96259
942 _n0
999 _c99875
_d99875